[Event "Lovsprings op 08th E"]
[Site "Ringsted"]
[Date "1996.03.08"]
[Round "1"]
[White "Niki, Alireza"]
[Black "Christensen, Michael Bohn"]
[Result "1/2-1/2"]
[WhiteElo "1100"]
[BlackElo "1137"]
[PlyCount "107"]
[EventDate "1996.03.08"]
[EventType "swiss"]
[EventRounds "7"]
[EventCountry "DEN"]
[SourceTitle "EXT 2023"]
[Source "ChessBase"]
[SourceDate "2022.10.05"]
[SourceVersion "1"]
[SourceVersionDate "2022.10.05"]
[SourceQuality "1"]

1. e4 c5 2. Nc3 d6 3. Bb5+ Bd7 4. Bxd7+ Qxd7 5. Qf3 Nc6 6. Nge2 Nf6 7. Nd5 Nxd5 8. exd5 Ne5 9. Qe4 Rc8 10. d4 Qa4 11. b3 Qa5+ 12. Bd2 Qa6 13. dxe5 dxe5 14. Qxe5 Rd8 15. c4 Qf6 16. Bc3 Qxe5 17. Bxe5 f6 18. Bc7 Rc8 19. Bg3 g5 20. 0-0 h5 21. f4 h4 22. Be1 g4 23. h3 gxh3 24. gxh3 Rg8+ 25. Kh1 Rh8 26. Bc3 Kf7 27. f5 Bh6 28. Be1 Be3 29. Rf3 Bg5 30. Rd1 Rcd8 31. Nf4 Rh7 32. Ne6 Rg8 33. Bf2 b6 34. Be3 Rh5 35. Bxg5 fxg5 36. Rdf1 Kf6 37. Rg1 Ke5 38. Re1+ Kf6 39. Rg1 Ke5 40. Nc7 Ke4 41. Rff1 Ke5 42. Nb5 a6 43. Nc7 Rf8 44. Re1+ Kd6 45. Nxa6 Rxf5 46. Nb8 Rf2 47. Nc6 Rxa2 48. Nxe7 Rf2 49. Re6+ Kd7 50. Rge1 g4 51. hxg4 Rg5 52. Kg1 Rf4 53. Kh2 Rfxg4 54. Kh1 1/2-1/2